[Event "FBL W"]
[Site "Deutschland"]
[Date "2009.12.06"]
[Round "4.2"]
[White "Wohlers Armas, Friederike"]
[Black "Mass, Elvira"]
[Result "0-1"]
[WhiteElo "2029"]
[BlackElo "1981"]
[PlyCount "120"]
[EventDate "2009.11.07"]
[EventType "team"]
[EventCountry "GER"]
[WhiteTeam "SK Doppelbauer Kiel"]
[BlackTeam "Dortmunder Schachverein 1875"]

1. d4 d5 2. c4 e6 3. Nc3 c6 4. e3 Bd6 5. Nf3 f5 6. Bd3 Nf6 7. O-O O-O 8. c5 Bc7
9. h3 Nbd7 10. b4 Ne4 11. Ne2 Qf6 12. Rb1 g5 13. Ne1 Qh6 14. f4 Ndf6 15. Kh2 g4
16. Rb3 Kh8 17. Bxe4 Nxe4 18. Nd3 gxh3 19. gxh3 Ng5 20. Ng1 Rg8 21. Ne5 Bxe5
22. dxe5 Ne4 23. Rb2 Qg6 24. Qf3 Bd7 25. Rg2 Qf7 26. Rxg8+ Rxg8 27. Ne2 Be8 28.
Rg1 Rxg1 29. Kxg1 Qg7+ 30. Qg2 Qh6 31. Nd4 a6 32. Nb3 Qh4 33. Kf1 Ng3+ 34. Kg1
Ne4 35. Kf1 Qh5 36. Kg1 Qd1+ 37. Kh2 Bh5 38. Nd4 Qxc1 39. Nxe6 Bg6 40. h4 Qd2
41. Qxd2 Nxd2 42. Nd8 Nf1+ 43. Kg1 Nxe3 44. Nxb7 Nc2 45. a3 Nxa3 46. Nd8 Be8
47. Ne6 Nc2 48. Nc7 Bd7 49. e6 Bxe6 50. Nxe6 Nxb4 51. Nd4 a5 52. Kf2 a4 53. Ke2
a3 54. Kd2 a2 55. Nb3 Na6 56. Na1 Nxc5 57. Kc3 Kg7 58. Kb2 Nd3+ 59. Kxa2 Nxf4
60. Nb3 Kf6 0-1

[Event "FBL W"]
[Site "Deutschland"]
[Date "2009.12.06"]
[Round "4.1"]
[White "Bluebaum, Johanna"]
[Black "Vogel, Heike"]
[Result "1/2-1/2"]
[WhiteElo "1963"]
[BlackElo "2095"]
[PlyCount "95"]
[EventDate "2009.11.07"]
[EventType "team"]
[EventCountry "GER"]
[WhiteTeam "SC Braunschweig Gliesmarode von"]
[BlackTeam "Schachverein Mülheim-Nord1931"]

1. d4 c5 2. d5 b5 3. c4 bxc4 4. e4 Ba6 5. Qa4 e6 6. Nc3 Nf6 7. Bg5 Qb6 8. Rb1
Qb4 9. Bxf6 gxf6 10. Nge2 Bh6 11. g3 O-O 12. Bh3 Re8 13. a3 Qxa4 14. Nxa4 exd5
15. exd5 c3 16. Naxc3 Bd3 17. Rd1 Bc2 18. Ra1 Bd3 19. f4 Na6 20. Bxd7 Re7 21.
Bc6 Rb8 22. Ra2 Bc4 23. b3 Bxb3 24. Rd2 Rd8 25. Kf2 Nb8 26. Ba8 a6 27. Rb1 c4
28. Nd4 Ra7 29. Bc6 Bf8 30. Ne4 Kg7 31. Kf3 Bxa3 32. Nxb3 cxb3 33. Rxb3 f5 34.
Nc3 Nxc6 35. Rxa3 Nb4 36. Ra4 a5 37. d6 Ra6 38. Nb5 Kf6 39. Rd4 Rb6 40. Nc7 Rc6
41. Rxa5 Rc3+ 42. Ke2 Rc2+ 43. Kd1 Rxc7 44. dxc7 Rxd4+ 45. Ke2 Rc4 46. Ra4 Rxc7
47. Rxb4 Rc2+ 48. Kf3 1/2-1/2

[Event "FBL W"]
[Site "Deutschland"]
[Date "2009.12.06"]
[Round "4.2"]
[White "Lazo, Xenia"]
[Black "Kramer, Helga"]
[Result "1-0"]
[WhiteElo "2124"]
[BlackElo "2099"]
[PlyCount "63"]
[EventDate "2009.11.07"]
[EventType "team"]
[EventCountry "GER"]
[WhiteTeam "Schachverein Mülheim-Nord1931"]
[BlackTeam "SC Braunschweig Gliesmarode von"]

1. d4 Nf6 2. c4 e6 3. Nf3 b6 4. a3 Be7 5. Nc3 d5 6. cxd5 exd5 7. e3 O-O 8. Bd3
c5 9. O-O Bg4 10. Be2 Nc6 11. Qa4 Qc7 12. dxc5 bxc5 13. Nxd5 Nxd5 14. Qxg4 Bf6
15. e4 Nb6 16. Bf4 Qe7 17. Rad1 Rad8 18. Bg5 Bxg5 19. Nxg5 h6 20. Nh3 Nd4 21.
Bd3 Na4 22. Rb1 Rb8 23. b4 cxb4 24. Rxb4 Rxb4 25. axb4 Qxb4 26. e5 Nc5 27. Bb1
a5 28. Nf4 Ne2+ 29. Qxe2 Qxf4 30. Qc2 Rc8 31. Qh7+ Kf8 32. Qh8+ 1-0

[Event "FBL W"]
[Site "Deutschland"]
[Date "2009.12.06"]
[Round "4.3"]
[White "Opaska, Ines"]
[Black "Roitburd, Marina"]
[Result "1/2-1/2"]
[WhiteElo "1838"]
[BlackElo "2036"]
[PlyCount "54"]
[EventDate "2009.11.07"]
[EventType "team"]
[EventCountry "GER"]
[WhiteTeam "SC Braunschweig Gliesmarode von"]
[BlackTeam "Schachverein Mülheim-Nord1931"]

1. f4 d5 2. g3 g6 3. Bg2 Bg7 4. Nf3 Nh6 5. d3 d4 6. a4 O-O 7. Na3 Nf5 8. O-O c5
9. Nc4 Nc6 10. Rb1 Qc7 11. e4 dxe3 12. Nxe3 Rd8 13. Nxf5 Bxf5 14. Qe2 Nb4 15.
Nh4 Bd7 16. f5 Qe5 17. Qf2 Bxf5 18. Kh1 Be6 19. Bf4 Qh5 20. Be3 c4 21. d4 Nd5
22. Bf3 Bg4 23. Bxg4 Qxg4 24. Qxf7+ Kh8 25. Qf3 Qh3 26. c3 Rf8 27. Qg2 Qd7
1/2-1/2

[Event "FBL W"]
[Site "Deutschland"]
[Date "2009.12.06"]
[Round "4.4"]
[White "Hund, Isabel"]
[Black "Guennigmann, Laura"]
[Result "1/2-1/2"]
[WhiteElo "2072"]
[BlackElo "1881"]
[PlyCount "44"]
[EventDate "2009.11.07"]
[EventType "team"]
[EventCountry "GER"]
[WhiteTeam "Schachverein Mülheim-Nord1931"]
[BlackTeam "SC Braunschweig Gliesmarode von"]

1. e4 c5 2. Nc3 Nc6 3. g3 g6 4. Bg2 Bg7 5. d3 d6 6. Be3 Rb8 7. Qd2 b5 8. Nge2
b4 9. Nd1 Nd4 10. c3 bxc3 11. bxc3 Nxe2 12. Qxe2 Nf6 13. O-O O-O 14. f4 Ng4 15.
Bd2 f5 16. exf5 Bxf5 17. h3 Nh6 18. g4 Bd7 19. Ne3 e6 20. Nc4 Qc7 21. Rab1 Kh8
22. Rxb8 Rxb8 1/2-1/2

[Event "FBL W"]
[Site "Deutschland"]
[Date "2009.12.06"]
[Round "4.5"]
[White "Steiner, Susanne"]
[Black "Sokalska, Viktorija"]
[Result "0-1"]
[WhiteElo "1765"]
[BlackElo "2026"]
[PlyCount "28"]
[EventDate "2009.11.07"]
[EventType "team"]
[EventCountry "GER"]
[WhiteTeam "SC Braunschweig Gliesmarode von"]
[BlackTeam "Schachverein Mülheim-Nord1931"]

1. d4 Nf6 2. Nf3 g6 3. g3 Bg7 4. Bg2 d5 5. O-O O-O 6. Nbd2 c6 7. c3 Nbd7 8. Re1
e5 9. Nxe5 Nxe5 10. dxe5 Ng4 11. f4 Qb6+ 12. e3 Nxe3 13. Qb3 Qxb3 14. Nxb3 Nc2
0-1

[Event "FBL W"]
[Site "Deutschland"]
[Date "2009.12.06"]
[Round "4.1"]
[White "Wirths, Clara"]
[Black "Smirnova, Marina"]
[Result "1/2-1/2"]
[WhiteElo "2072"]
[BlackElo "2098"]
[PlyCount "225"]
[EventDate "2009.11.07"]
[EventType "team"]
[EventCountry "GER"]
[WhiteTeam "Schachverein Wattenscheid 1930"]
[BlackTeam "SK Kaltenkirchen"]

1. e4 c5 2. Nf3 b6 3. d4 cxd4 4. Nxd4 Bb7 5. Nc3 a6 6. Bc4 e6 7. O-O Qc7 8. Bb3
Nf6 9. Qe2 Bd6 10. h3 Be5 11. Qd3 Nc6 12. Nde2 Nb4 13. Qe3 Bd6 14. a3 Nc6 15.
Qg5 O-O 16. Be3 Na5 17. Qh4 b5 18. Bd4 Be5 19. Rad1 Nc6 20. Bxe5 Nxe5 21. Ng3
h6 22. Nh5 Nxh5 23. Qxh5 Rad8 24. Rd4 Ng6 25. Rfd1 Bc6 26. Qc5 Qf4 27. Qd6 Qg5
28. R4d3 Kh7 29. Rg3 Qh5 30. Re1 Nh4 31. Qd3 Qe5 32. Rg4 Ng6 33. Qe3 f5 34.
exf5 Qxf5 35. Ne4 e5 36. Ng3 Qf6 37. c3 d5 38. a4 e4 39. axb5 axb5 40. Ne2 Ne5
41. Rf4 Qg6 42. Ra1 Nd3 43. Rg4 Qf7 44. Rxe4 Qxf2+ 45. Qxf2 Rxf2 46. Re6 d4 47.
Rxc6 Rxe2 48. cxd4 Rxd4 49. Bc2 Rd2 50. Ra7 Rd5 51. Rc3 b4 52. Rc4 Rg5 53.
Bxd3+ Rxd3 54. Rxb4 Rxh3 55. Rd7 Re3 56. Rd2 h5 57. Rb7 Kh6 58. Rd6+ g6 59.
Rdd7 Rg4 60. Rh7+ Kg5 61. Rb5+ Kh4 62. Rf7 Kg3 63. Rf1 h4 64. Rc5 g5 65. Rc3
Rge4 66. Rf3+ Rxf3 67. Rxf3+ Kg4 68. Kf2 Rc4 69. Re3 Rc1 70. Rc3 Rd1 71. Rc2
Rd4 72. b3 Rf4+ 73. Kg1 Rf5 74. Rc4+ Kh5 75. b4 Rd5 76. Rc5 Rd3 77. Rc4 Rb3 78.
Kf2 g4 79. Rc5+ Kg6 80. Rc6+ Kf5 81. Rc5+ Kf6 82. b5 g3+ 83. Kf1 Rb1+ 84. Ke2
Rb2+ 85. Kf1 Rf2+ 86. Kg1 Rb2 87. Kf1 Ke6 88. Rh5 Rb4 89. Ke2 Rb2+ 90. Kf1 Kd6
91. Rxh4 Rxb5 92. Rh6+ Ke7 93. Rg6 Rb3 94. Ke2 Kf7 95. Rd6 Rb2+ 96. Kf3 Rb3+
97. Kg4 Ke7 98. Rh6 Kf7 99. Rh3 Kf6 100. Rxg3 Rxg3+ 101. Kxg3 Kg5 102. Kf3 Kf5
103. g3 Kg5 104. g4 Kg6 105. Kf4 Kf6 106. g5+ Kg6 107. Kg4 Kg7 108. Kf5 Kf7
109. g6+ Kg7 110. Kg5 Kg8 111. Kf6 Kf8 112. g7+ Kg8 113. Kg6 1/2-1/2

[Event "FBL W"]
[Site "Deutschland"]
[Date "2009.12.06"]
[Round "4.2"]
[White "Freter, Anke"]
[Black "Goihl, Mona"]
[Result "0-1"]
[WhiteElo "1951"]
[BlackElo "2101"]
[PlyCount "102"]
[EventDate "2009.11.07"]
[EventType "team"]
[EventCountry "GER"]
[WhiteTeam "SK Kaltenkirchen"]
[BlackTeam "Schachverein Wattenscheid 1930"]

1. e4 c5 2. Nc3 Nc6 3. g3 g6 4. Bg2 Bg7 5. f4 e6 6. Nf3 Nge7 7. O-O O-O 8. d3
a6 9. e5 d6 10. exd6 Qxd6 11. Ne4 Qc7 12. Rb1 b6 13. Bd2 Bb7 14. Bc3 Nd4 15.
Re1 Nd5 16. Ne5 Rad8 17. Nc4 Nxc3 18. bxc3 Nb5 19. a4 Bxe4 20. axb5 Bxg2 21.
Kxg2 Bxc3 22. Rf1 axb5 23. Ne3 Qc6+ 24. Qf3 Qxf3+ 25. Kxf3 b4 26. g4 Ra8 27. f5
Ra2 28. h4 Rd8 29. fxe6 fxe6 30. Ke4 Rd4+ 31. Kf3 Bd2 32. Nc4 Rxc2 33. Nxb6
Rxd3+ 34. Ke2 Rh3 35. Kd1 Ra2 36. Nd7 Bc3 37. Nxc5 Rd2+ 38. Kc1 Rhh2 39. Ne4
Rc2+ 40. Kd1 Ra2 41. g5 Rab2 42. Rc1 Kg7 43. Nxc3 Rbd2+ 44. Ke1 bxc3 45. Rf3 c2
46. Rc3 Kf8 47. Rc8+ Ke7 48. Rc7+ Kd6 49. Rxh7 Rhe2+ 50. Kf1 Rf2+ 51. Kg1 Rd1+
0-1

[Event "FBL W"]
[Site "Deutschland"]
[Date "2010.01.17"]
[Round "5.2"]
[White "Kickert, Germaine Helene"]
[Black "Bluebaum, Johanna"]
[Result "1-0"]
[WhiteElo "1972"]
[BlackElo "1963"]
[PlyCount "59"]
[EventDate "2009.11.07"]
[EventType "team"]
[EventCountry "GER"]
[WhiteTeam "Delmenhorster SK V 1931"]
[BlackTeam "SC Braunschweig Gliesmarode von"]

1. e4 e6 2. d4 d5 3. Nd2 Be7 4. Ngf3 Nf6 5. e5 Nfd7 6. Bd3 c5 7. c3 b6 8. Qe2
a5 9. O-O Ba6 10. c4 Nc6 11. cxd5 Bxd3 12. Qxd3 Nb4 13. Qe2 Nxd5 14. Nc4 O-O
15. Ne3 Nf4 16. Qb5 Ng6 17. Rd1 Qc7 18. Nc4 Rfd8 19. Be3 Rab8 20. Rac1 Rb7 21.
dxc5 bxc5 22. Qxa5 Qb8 23. Qc3 f6 24. Na5 Rb6 25. b4 cxb4 26. Qb3 Ngxe5 27.
Nxe5 Nxe5 28. Bxb6 Qxb6 29. Rxd8+ Bxd8 30. Nc6 1-0

[Event "FBL W"]
[Site "Deutschland"]
[Date "2010.01.17"]
[Round "5.3"]
[White "Kramer, Helga"]
[Black "Janiesch, Maike"]
[Result "1-0"]
[WhiteElo "2099"]
[BlackElo "1708"]
[PlyCount "75"]
[EventDate "2009.11.07"]
[EventType "team"]
[EventCountry "GER"]
[WhiteTeam "SC Braunschweig Gliesmarode von"]
[BlackTeam "Delmenhorster SK V 1931"]

1. Nf3 Nf6 2. g3 g6 3. Bg2 Bg7 4. c4 d6 5. Nc3 O-O 6. O-O e5 7. d3 c6 8. Rb1
Bg4 9. Qc2 Qc8 10. Rd1 Bxf3 11. Bxf3 Nbd7 12. b4 d5 13. cxd5 cxd5 14. Qb3 d4
15. Na4 Rb8 16. b5 Rd8 17. Ba3 Nb6 18. Rbc1 Qh3 19. Nxb6 axb6 20. Rc7 Rd7 21.
Rdc1 Re8 22. Rc8 Rdd8 23. R1c7 Nd7 24. Rxd8 Rxd8 25. Qd5 Bf8 26. Bc1 Be7 27.
Qxb7 Qe6 28. Qc6 Bd6 29. Ra7 Kg7 30. Bd5 Qe7 31. Qb7 Nf6 32. Qa6 Bc7 33. Ba3
Qd7 34. Bc6 Qc8 35. Be7 Rg8 36. Qb7 Qxb7 37. Rxb7 Rc8 38. Bxf6+ 1-0

[Event "FBL W"]
[Site "Deutschland"]
[Date "2010.01.17"]
[Round "5.4"]
[White "Kohls, Vera"]
[Black "Guennigmann, Laura"]
[Result "1/2-1/2"]
[WhiteElo "1895"]
[BlackElo "1881"]
[PlyCount "78"]
[EventDate "2009.11.07"]
[EventType "team"]
[EventCountry "GER"]
[WhiteTeam "Delmenhorster SK V 1931"]
[BlackTeam "SC Braunschweig Gliesmarode von"]

1. Nf3 Nf6 2. b3 g6 3. Bb2 Bg7 4. e3 O-O 5. Be2 d6 6. O-O Nbd7 7. d3 e5 8. e4
c6 9. h3 Qc7 10. Nbd2 d5 11. Nh2 Re8 12. Bf3 b6 13. Ng4 Nxg4 14. Bxg4 Bb7 15.
Bxd7 Qxd7 16. f4 c5 17. Bxe5 Bxe5 18. fxe5 Rxe5 19. Nf3 Re7 20. exd5 Qxd5 21.
Rf2 Rae8 22. Qd2 Qh5 23. Raf1 Bxf3 24. Rxf3 Re2 25. Qf4 R8e7 26. R1f2 Qd5 27.
Qf6 Rxf2 28. Rxf2 Re1+ 29. Rf1 Rxf1+ 30. Kxf1 b5 31. a3 c4 32. bxc4 bxc4 33. d4
Qe4 34. Qe5 Qxc2 35. Qe8+ Kg7 36. Qe5+ Kg8 37. Qe8+ Kg7 38. Qe5+ Kh6 39. Qf4+
Kg7 1/2-1/2

[Event "FBL W"]
[Site "Deutschland"]
[Date "2010.01.17"]
[Round "5.1"]
[White "Ivannikova, Svetlana"]
[Black "Wirths, Clara"]
[Result "1-0"]
[WhiteElo "2159"]
[BlackElo "2072"]
[PlyCount "63"]
[EventDate "2009.11.07"]
[EventType "team"]
[EventCountry "GER"]
[WhiteTeam "Dortmunder Schachverein 1875"]
[BlackTeam "Schachverein Wattenscheid 1930"]

1. d4 Nf6 2. Bf4 d6 3. e3 Nc6 4. Nf3 Nh5 5. Bg5 g6 6. Be2 Bg7 7. O-O O-O 8. c4
h6 9. Bh4 Nf6 10. Nc3 a6 11. d5 Ne5 12. Nd4 c5 13. Nc2 Nh7 14. f4 Nd7 15. e4
Bf6 16. Bxf6 exf6 17. Ne3 Rb8 18. Qe1 Qa5 19. Qh4 Kg7 20. Rf3 Rh8 21. Rg3 b5
22. Nf5+ Kf8 23. Qxh6+ Ke8 24. Qg7 Rf8 25. Nxd6+ Ke7 26. e5 Ng5 27. fxg5 fxe5
28. Nce4 bxc4 29. Rf3 Bb7 30. Nxf7 Rg8 31. Qh7 Bxd5 32. Nh6+ 1-0

[Event "FBL W"]
[Site "Deutschland"]
[Date "2010.01.17"]
[Round "5.2"]
[White "Goihl, Mona"]
[Black "Mass, Elvira"]
[Result "1-0"]
[WhiteElo "2101"]
[BlackElo "1981"]
[PlyCount "97"]
[EventDate "2009.11.07"]
[EventType "team"]
[EventCountry "GER"]
[WhiteTeam "Schachverein Wattenscheid 1930"]
[BlackTeam "Dortmunder Schachverein 1875"]

1. e4 e6 2. d4 d5 3. exd5 exd5 4. Nf3 Bd6 5. c4 Qe7+ 6. Be2 Bb4+ 7. Nc3 Nf6 8.
O-O dxc4 9. Bxc4 O-O 10. Bg5 Bxc3 11. bxc3 Qd6 12. Ne5 Nc6 13. Re1 Nd5 14. Qf3
Be6 15. Bd3 Nde7 16. Nxc6 Nxc6 17. Re3 f6 18. Bf4 Qd7 19. Qe4 g5 20. Qxe6+ Qxe6
21. Rxe6 gxf4 22. Rae1 Rad8 23. R1e4 f3 24. g3 Rd7 25. Re3 Kg7 26. Rxf3 Re7 27.
Rxe7+ Nxe7 28. Bc4 Rd8 29. Re3 Nf5 30. Re2 h5 31. Bd3 Rd5 32. Bxf5 Rxf5 33.
Re7+ Kg6 34. Rxc7 Rb5 35. Kg2 Rb2 36. h4 a6 37. a4 Rb3 38. d5 b5 39. axb5 Rxb5
40. c4 Rb3 41. d6 a5 42. Ra7 Rd3 43. c5 Kf5 44. Rxa5 Ke6 45. Ra7 f5 46. d7 Ke7
47. c6 Rd6 48. Rc7 Rd3 49. Rc8 1-0

[Event "FBL W"]
[Site "Deutschland"]
[Date "2010.01.17"]
[Round "5.1"]
[White "Freter, Anke"]
[Black "Kopylova, Ljubov"]
[Result "0-1"]
[WhiteElo "1951"]
[BlackElo "2196"]
[PlyCount "54"]
[EventDate "2009.11.07"]
[EventType "team"]
[EventCountry "GER"]
[WhiteTeam "SK Kaltenkirchen"]
[BlackTeam "SK Doppelbauer Kiel"]

1. e4 c5 2. Nc3 Nc6 3. g3 g6 4. Bg2 Bg7 5. f4 d6 6. d3 Nf6 7. Nf3 O-O 8. O-O
Ne8 9. Nh4 f5 10. exf5 gxf5 11. Re1 e6 12. Be3 Rb8 13. Bf2 Nd4 14. Ne2 Nxe2+
15. Rxe2 Bxb2 16. Rb1 Bf6 17. d4 cxd4 18. Nxf5 exf5 19. Bd5+ Kh8 20. Bxd4 b6
21. Qd3 Bxd4+ 22. Qxd4+ Qf6 23. Qa4 Ng7 24. Qxa7 Qd4+ 25. Kf1 Qxd5 26. Qxb8
Qh1+ 27. Kf2 Qxh2+ 0-1

[Event "FBL W"]
[Site "Deutschland"]
[Date "2010.01.17"]
[Round "5.2"]
[White "Schlueter, Sabrina"]
[Black "Meinke, Dietlind"]
[Result "1/2-1/2"]
[WhiteElo "1784"]
[BlackElo "1924"]
[PlyCount "60"]
[EventDate "2009.11.07"]
[EventType "team"]
[EventCountry "GER"]
[WhiteTeam "SK Doppelbauer Kiel"]
[BlackTeam "SK Kaltenkirchen"]

1. e4 d5 2. exd5 Qxd5 3. Nc3 Qa5 4. d4 Nf6 5. Bc4 Bf5 6. Nf3 c6 7. Bd2 Qc7 8.
Nh4 Bg6 9. Nxg6 hxg6 10. h3 e6 11. Bb3 Nbd7 12. Qe2 O-O-O 13. O-O-O Nb6 14. Bg5
Be7 15. Qe5 Bd6 16. Qe2 Bf4+ 17. Bxf4 Qxf4+ 18. Qe3 Qh6 19. Rhe1 Rd7 20. Qxh6
gxh6 21. Ne2 Rhd8 22. c3 Nfd5 23. g3 a5 24. a4 g5 25. Ng1 Rd6 26. Nf3 R6d7 27.
Ne5 Re7 28. Nd3 Nd7 29. Bxd5 cxd5 30. f4 Ree8 1/2-1/2

[Event "FBL W"]
[Site "Deutschland"]
[Date "2010.01.17"]
[Round "5.3"]
[White "Zoellner, Ev Gislain"]
[Black "Hielscher, Ursula"]
[Result "1/2-1/2"]
[WhiteElo "1972"]
[BlackElo "1883"]
[PlyCount "40"]
[EventDate "2009.11.07"]
[EventType "team"]
[EventCountry "GER"]
[WhiteTeam "SK Kaltenkirchen"]
[BlackTeam "SK Doppelbauer Kiel"]

1. e4 e6 2. d4 d5 3. exd5 exd5 4. Bd3 Nf6 5. Ne2 Bd6 6. Bf4 Bxf4 7. Nxf4 O-O 8.
O-O c6 9. c3 Re8 10. h3 Nbd7 11. Nd2 Qc7 12. Ne2 Nf8 13. Nf3 h6 14. Ng3 Be6 15.
Bf5 Bxf5 16. Nxf5 Ng6 17. Qc2 Nf4 18. Rae1 Rxe1 19. Rxe1 Re8 20. Rxe8+ Nxe8
1/2-1/2

[Event "FBL W"]
[Site "Deutschland"]
[Date "2010.01.17"]
[Round "5.1"]
[White "Sarana Hungeling, Oksana"]
[Black "Rudolph, Anna"]
[Result "1/2-1/2"]
[WhiteElo "2237"]
[BlackElo "2271"]
[PlyCount "53"]
[EventDate "2009.11.07"]
[EventType "team"]
[EventCountry "GER"]
[WhiteTeam "Schachclub Steinfurt 1996"]
[BlackTeam "Schachverein Mülheim-Nord1931"]

1. e4 Nf6 2. e5 Nd5 3. c4 Nb6 4. d4 d6 5. exd6 exd6 6. Be2 Be7 7. h3 O-O 8. Nf3
Bf5 9. O-O Bf6 10. Nc3 Nc6 11. Be3 Re8 12. Qd2 d5 13. cxd5 Nxd5 14. Nxd5 Qxd5
15. Qc3 Rad8 16. Rfd1 Be4 17. a3 Re7 18. Rac1 Red7 19. b4 h6 20. b5 Bxf3 21.
Bxf3 Qxb5 22. Bxc6 Qxc6 23. Qxc6 bxc6 24. Rxc6 Bxd4 25. Rxd4 Rxd4 26. Bxd4 Rxd4
27. Rxc7 1/2-1/2

[Event "FBL W"]
[Site "Deutschland"]
[Date "2010.01.17"]
[Round "5.2"]
[White "Vovk, Oksana"]
[Black "Freitag, Julia"]
[Result "1-0"]
[WhiteElo "2145"]
[BlackElo "2202"]
[PlyCount "95"]
[EventDate "2009.11.07"]
[EventType "team"]
[EventCountry "GER"]
[WhiteTeam "Schachverein Mülheim-Nord1931"]
[BlackTeam "Schachclub Steinfurt 1996"]

1. d4 d5 2. c4 e6 3. Nc3 f5 4. cxd5 exd5 5. Bf4 c6 6. Qc2 Nf6 7. e3 Bd6 8. Nh3
O-O 9. Bd3 Ne4 10. O-O Bxf4 11. Nxf4 Qh4 12. f3 Nd6 13. b4 Nd7 14. b5 Nb6 15.
bxc6 bxc6 16. g3 Qf6 17. Rae1 Bd7 18. Na4 g5 19. Ng2 Nbc4 20. Nc5 Rf7 21. Bxc4
Nxc4 22. Qc3 Raf8 23. Rb1 Bc8 24. Qd3 f4 25. e4 Bh3 26. Rf2 Bxg2 27. Kxg2 Ne3+
28. Kg1 Qh6 29. g4 Re8 30. e5 Qh3 31. a4 Rg7 32. Qb3 h5 33. Ne4 hxg4 34. Nf6+
Kh8 35. Nxe8 g3 36. Nxg7 gxf2+ 37. Kxf2 Qg2+ 38. Ke1 Qf1+ 39. Kd2 Nc4+ 40. Kc3
Qxf3+ 41. Kb4 Qxb3+ 42. Rxb3 Kxg7 43. Kc5 g4 44. Rb7+ Kg6 45. e6 Kf6 46. e7 Kf7
47. Kxc6 Ke8 48. Kxd5 1-0

[Event "FBL W"]
[Site "Deutschland"]
[Date "2010.01.17"]
[Round "5.3"]
[White "Stroessner, Lena"]
[Black "Roitburd, Marina"]
[Result "1/2-1/2"]
[WhiteElo "1971"]
[BlackElo "2036"]
[PlyCount "60"]
[EventDate "2009.11.07"]
[EventType "team"]
[EventCountry "GER"]
[WhiteTeam "Schachclub Steinfurt 1996"]
[BlackTeam "Schachverein Mülheim-Nord1931"]

1. Nf3 Nf6 2. d4 g6 3. c4 Bg7 4. Nc3 d5 5. cxd5 Nxd5 6. e4 Nxc3 7. bxc3 c5 8.
Bb5+ Bd7 9. Bxd7+ Qxd7 10. O-O Nc6 11. Be3 Rd8 12. d5 Ne5 13. Bxc5 Qc7 14. Bd4
O-O 15. Re1 e6 16. Nxe5 Bxe5 17. Bxe5 Qxe5 18. c4 f5 19. Qb3 fxe4 20. dxe6 Qxe6
21. Qxb7 Qf6 22. Qxa7 Rd2 23. Rf1 Qb2 24. Rae1 Re8 25. a4 Qc3 26. c5 e3 27.
fxe3 Qc4 28. c6 Rxg2+ 29. Kxg2 Qg4+ 30. Kh1 Qe4+ 1/2-1/2

[Event "FBL W"]
[Site "Deutschland"]
[Date "2010.01.17"]
[Round "5.4"]
[White "Sokalska, Viktorija"]
[Black "Amirezashvili, Maia"]
[Result "0-1"]
[WhiteElo "2026"]
[BlackElo "1947"]
[PlyCount "66"]
[EventDate "2009.11.07"]
[EventType "team"]
[EventCountry "GER"]
[WhiteTeam "Schachverein Mülheim-Nord1931"]
[BlackTeam "Schachclub Steinfurt 1996"]

1. e4 c5 2. Nc3 d6 3. g3 Nf6 4. Bg2 e6 5. d3 a6 6. Nge2 Be7 7. O-O O-O 8. h3
Nbd7 9. Be3 Rb8 10. Qd2 b5 11. f4 Bb7 12. Nd1 Ne8 13. f5 Bf6 14. g4 exf5 15.
gxf5 Nc7 16. Nf4 Re8 17. Kh1 d5 18. exd5 Ne5 19. Nc3 b4 20. Ne4 Nxd5 21. Nxf6+
Nxf6 22. Bxb7 Rxb7 23. Qg2 Rc7 24. Kh2 Neg4+ 25. hxg4 Rxe3 26. g5 Ne8 27. g6
Qh4+ 28. Nh3 Rce7 29. gxh7+ Kxh7 30. Rf2 Kg8 31. Rg1 Rxh3+ 32. Qxh3 Qxf2+ 33.
Rg2 Qf4+ 0-1

[Event "FBL W"]
[Site "Deutschland"]
[Date "2010.01.17"]
[Round "5.6"]
[White "Hausrath, Michaela"]
[Black "Golubkova, Alexandra"]
[Result "1-0"]
[WhiteElo "1738"]
[BlackElo "1831"]
[PlyCount "85"]
[EventDate "2009.11.07"]
[EventType "team"]
[EventCountry "GER"]
[WhiteTeam "Schachverein Mülheim-Nord1931"]
[BlackTeam "Schachclub Steinfurt 1996"]

1. d4 d5 2. c4 c6 3. cxd5 cxd5 4. Nc3 Nf6 5. Nf3 Nc6 6. Bf4 Qb6 7. Na4 Qb4+ 8.
Bd2 Qd6 9. Nc3 Bf5 10. e3 a6 11. Be2 e6 12. O-O Be7 13. a3 O-O 14. b4 b5 15. h3
Rac8 16. Ne1 Ne4 17. Rc1 Rc7 18. Nd3 Nxd2 19. Qxd2 Bxd3 20. Bxd3 Bg5 21. Ne2
Rfc8 22. Rc5 Be7 23. Rfc1 Qd8 24. R5c2 f6 25. Nf4 e5 26. Ne6 Qd6 27. Nxc7 Rxc7
28. dxe5 fxe5 29. Be2 Bg5 30. Bf3 Nd4 31. Rxc7 Nxf3+ 32. gxf3 Qe6 33. Rc8+ Kf7
34. R1c7+ Be7 35. Kh2 e4 36. f4 Kg6 37. Qe2 h5 38. Rc6 Bd6 39. Qf1 Kh6 40. Qg2
Qf6 41. Kh1 Qa1+ 42. Qg1 Qf6 43. Qg5+ 1-0

[Event "FBL W"]
[Site "Deutschland"]
[Date "2010.03.13"]
[Round "6.1"]
[White "Kozlova, Olga"]
[Black "Kopylova, Ljubov"]
[Result "0-1"]
[WhiteElo "2248"]
[BlackElo "2196"]
[PlyCount "44"]
[EventDate "2009.11.07"]
[EventType "team"]
[EventCountry "GER"]
[WhiteTeam "Delmenhorster SK V 1931"]
[BlackTeam "SK Doppelbauer Kiel"]

1. Nf3 g6 2. g3 Bg7 3. Bg2 d5 4. d4 Nf6 5. O-O O-O 6. Nbd2 Ne4 7. Nxe4 dxe4 8.
Ng5 Qxd4 9. Qxd4 Bxd4 10. c3 Bb6 11. Bxe4 Rd8 12. Bf4 f6 13. Rad1 c6 14. Rxd8+
Bxd8 15. Rd1 Bb6 16. Nf3 Be6 17. Nd4 Bxa2 18. Bh6 Na6 19. Ra1 Bc4 20. Ra4 Nc5
21. Rxc4 Nxe4 22. Nxc6 Nd6 0-1

[Event "FBL W"]
[Site "Deutschland"]
[Date "2010.03.13"]
[Round "6.2"]
[White "Rath, Alina"]
[Black "Kickert, Germaine Helene"]
[Result "1-0"]
[WhiteElo "1939"]
[BlackElo "1972"]
[PlyCount "61"]
[EventDate "2009.11.07"]
[EventType "team"]
[EventCountry "GER"]
[WhiteTeam "SK Doppelbauer Kiel"]
[BlackTeam "Delmenhorster SK V 1931"]

1. c4 e6 2. Nc3 Nf6 3. e4 d5 4. e5 d4 5. exf6 dxc3 6. bxc3 Qxf6 7. d4 c5 8. Nf3
h6 9. Bd3 Nc6 10. Be4 Bd7 11. O-O Be7 12. Be3 Rc8 13. Rc1 Na5 14. Ne5 Bc6 15.
Nxc6 Nxc6 16. d5 Qe5 17. Bf3 Rd8 18. Qb3 exd5 19. cxd5 Bd6 20. g3 Qf5 21. Bg2
Ne5 22. Qxb7 Nf3+ 23. Bxf3 Qxf3 24. Qc6+ Kf8 25. Bxc5 Bxc5 26. Qxc5+ Kg8 27. c4
h5 28. Qe3 Qg4 29. h4 Kh7 30. Rfe1 Rc8 31. Qe4+ 1-0

[Event "FBL W"]
[Site "Deutschland"]
[Date "2010.03.13"]
[Round "6.3"]
[White "Janiesch, Maike"]
[Black "Schlueter, Sabrina"]
[Result "0-1"]
[WhiteElo "1708"]
[BlackElo "1784"]
[PlyCount "44"]
[EventDate "2009.11.07"]
[EventType "team"]
[EventCountry "GER"]
[WhiteTeam "Delmenhorster SK V 1931"]
[BlackTeam "SK Doppelbauer Kiel"]

1. d4 d5 2. c4 c6 3. Nc3 e6 4. cxd5 exd5 5. Bf4 Nf6 6. Qc2 Nbd7 7. e3 Be7 8.
Nf3 O-O 9. Bd3 Re8 10. Ne5 Nf8 11. O-O Nh5 12. Bg3 Nxg3 13. hxg3 Bd6 14. Nf3
Re6 15. Bf5 Rh6 16. Bxc8 Qxc8 17. Rfc1 Qg4 18. Kf1 Re8 19. Ne2 Rh1+ 20. Neg1
Nd7 21. Qe2 Nf6 22. Nd2 Rxg1+ 0-1

[Event "FBL W"]
[Site "Deutschland"]
[Date "2010.03.13"]
[Round "6.4"]
[White "Franzenburg, Maria"]
[Black "Kohls, Vera"]
[Result "1/2-1/2"]
[WhiteElo "1826"]
[BlackElo "1895"]
[PlyCount "45"]
[EventDate "2009.11.07"]
[EventType "team"]
[EventCountry "GER"]
[WhiteTeam "SK Doppelbauer Kiel"]
[BlackTeam "Delmenhorster SK V 1931"]

1. c4 f5 2. d4 b6 3. Nc3 e6 4. Nf3 Bb4 5. a3 Bxc3+ 6. bxc3 Nf6 7. g3 Bb7 8. Bg2
O-O 9. O-O Nc6 10. a4 Ne4 11. Qb3 Na5 12. Qb4 d6 13. Nd2 Nxd2 14. Bxd2 Bxg2 15.
Kxg2 Qe8 16. Rfe1 Qc6+ 17. f3 Qxc4 18. Qxc4 Nxc4 19. Ra2 a5 20. e4 fxe4 21.
Rxe4 Nxd2 22. Rxd2 Rae8 23. Rde2 1/2-1/2